| 000 | 00489nam a2200121Ia 4500 | ||
|---|---|---|---|
| 008 | 171212s9999 xx 000 0 und d | ||
| 020 | _a9780833080295 | ||
| 100 | _aAuerbach, David I.;Weeks, William B.;Brantley, Ian | ||
| 245 |
_cAuerbach, David I.;Weeks, William B.;Brantley, Ian _aHealth Care Spending and Efficiency in the U.S. Department of Veterans Affairs |
||
| 260 |
_bRAND Corporation _c2013 |
||
| 650 | _aHealth Sciences | ||
| 856 | _uhttp://www.jstor.org/stable/10.7249/j.ctt5hhv36 | ||
| 999 |
_c352134 _d352134 |
||